Contemporary China's diplomacy (Record no. 589152)
[ view plain ]
| 000 -LEADER | |
|---|---|
| fixed length control field | 00390nam a22001457a 4500 |
| 020 ## - INTERNATIONAL STANDARD BOOK NUMBER | |
| International Standard Book Number | 9787508542492 |
| 082 ## - DEWEY DECIMAL CLASSIFICATION NUMBER | |
| Classification number | 327.51 |
| Author Mark | QIN 2019 |
| 100 ## - MAIN ENTRY--PERSONAL NAME | |
| Personal name | Qingmin, Zhang |
| 245 ## - TITLE STATEMENT | |
| Title | Contemporary China's diplomacy |
| Statement of responsibility, etc. | Zhang Qingmin |
| 260 ## - PUBLICATION, DISTRIBUTION, ETC. | |
| Date of publication, distribution, etc. | 2019 |
| Place of publication, distribution, etc. | China |
| Name of publisher, distributor, etc. | Intercontinental press |
| 300 ## - PHYSICAL DESCRIPTION | |
| Extent | 178p |
| 563 ## - BINDING INFORMATION | |
| Binding note | P.B |
| 942 ## - ADDED ENTRY ELEMENTS (KOHA) | |
| Source of classification or shelving scheme | |
| Koha item type | Book |
| Withdrawn status | Lost status | Source of classification or shelving scheme | Damaged status | Not for loan | Permanent Location | Current Location | Shelving location | Date acquired | Total Checkouts | Full call number | Barcode | Date last seen | Price effective from | Koha item type |
|---|---|---|---|---|---|---|---|---|---|---|---|---|---|---|
| Centre for International Peace & Stability (CIPS) | Centre for International Peace & Stability (CIPS) | General Stacks | 03/16/2022 | 327.51 QIN 2019 | CIPSD0000680 | 04/14/2022 | 04/14/2022 | Book |
